000 00303nam a22001457a 4500
005 20160628154844.0
008 160628b xxu||||| |||| 00| 0 eng d
041 _aeng
082 _b10789
245 _aStrategic HR
260 _bSCDL Pune
300 _a336
650 _aManagement
_9241
942 _cBK
999 _c4540
_d4539